عرض عادي
عرض مارك
- عبد العظيم، أيمن
دخول Personal Name
001 - CONTROL NUMBER
- control field: 27973
003 - CONTROL NUMBER IDENTIFIER
- control field: AE-AdECS
005 - DATE AND TIME OF LATEST TRANSACTION
- control field: 20260326122323.0
008 - FIXED-LENGTH DATA ELEMENTS
- fixed length control field: 260326|| aca||aabn | a|a d
040 ## - CATALOGING SOURCE
- Original cataloging agency: AE-AdECS
- Transcribing agency: AE-AdECS
100 ## - HEADING--PERSONAL NAME
- Personal name: عبد العظيم، أيمن
670 ## - SOURCE DATA FOUND
- Source citation: Work cat.: (AE-AdECS)294581: كِندل برجر، تشارلز مؤلف. 27972, أسس ومفاهيم وتخطيط التنمية الاقتصادية /
